000 00634nam a22002297a 4500
003 UA-OsUOA
001 88071
007 ta
008 20120928b un ||||| |||| 00| 0 ukr d
100 _aВанченко П.
090 _a821.161.2
_bВ17
942 _cBK
040 _aUA-OsUOA
_bukr
_cUA-OsUOA
_dUA-OsUOA
245 _aОнопрій Кудь
_bповість, оповідання, гуморески
300 _a205 с.
955 _a3
041 _aukr
080 _a821.161.2
260 _aК.
_bДніпро
_c1968
650 7 _a82 Література. Літературознавство
_2UDC
999 _c374263
_d374263